Влияние облучения нейтронами α-Sic-керамики с различным содержанием [10 B] на выход гелия и изменение её физических свойств; Атомная техника за рубежом; № 11

Dettagli Bibliografici
Parent link:Атомная техника за рубежом: научно-технический журнал/ Росатом; Государственная корпорация по атомной энергии; Ядерное общество России (ЯОР).— , 1957-.— 0320-9326
№ 11.— 2004.— С. 21-24
Autore principale: Яно Т.
Altri autori: Прамоно Ю. (переводчик), Бронников В. А.
Lingua:russo
Pubblicazione: 2004
Serie:переводы
Soggetti:
Natura: MixedMaterials Capitolo di libro
KOHA link:https://koha.lib.tpu.ru/cgi-bin/koha/opac-detail.pl?biblionumber=395009

MARC

LEADER 00000naa2a2200000 4500
001 395009
005 20231101064550.0
035 |a (RuTPU)RU\TPU\prd\32084 
090 |a 395009 
100 |a 20050126a2004 k y0rusy50 ca 
101 0 |a rus 
102 |a RU 
200 1 |a Влияние облучения нейтронами α-Sic-керамики с различным содержанием [10 B] на выход гелия и изменение её физических свойств  |f Т. Яно, Ю. Прамоно  |g Пер. В. А. Бронников 
225 1 |a переводы 
320 |a Библиогр.: 7 назв. 
461 1 |0 (RuTPU)RU\TPU\prd\1300  |x 0320-9326  |t Атомная техника за рубежом  |o научно-технический журнал  |f Росатом; Государственная корпорация по атомной энергии; Ядерное общество России (ЯОР)  |d 1957- 
463 1 |0 (RuTPU)RU\TPU\prd\31371  |t № 11  |v С. 21-24  |d 2004 
610 1 |a термоядерные реакторы 
610 1 |a конструкционные материалы 
610 1 |a добавки 
610 1 |a изотопы 
610 1 |a керамика Sic 
610 1 |a облучение нейтронами 
610 1 |a выделение гелия 
610 1 |a образцы 
610 1 |a отжиг 
610 1 |a физические свойства 
610 1 |a изменение 
675 |a 621.039.53  |v 3 
700 1 |a Яно  |b Т. 
701 1 |a Прамоно  |b Ю. 
702 1 |a Бронников  |b В. А.  |4 730 
801 1 |a RU  |b 63413507  |c 20050126  |g PSBO 
801 2 |a RU  |b 63413507  |c 20120420  |g RCR 
942 |c BK